=LDR 00000nam 2200000 4500 =001 INLIS000000000028980 =005 20130612131240 =008 ***********************************ind** =035 ##$$0010-061300000028980 =041 ##$$a ind =082 ##$$a 801.95 =090 ##$$a 801.95, YAS t =100 ##$$a Yassin, H.B. (Hans Baque) =245 ##$$a Tifa penyair dan daerahnya, H.B. Yassin =260 ##$$a 1985 $b Jakarta =300 ##$$a viii, 179 hlm., 21 cm =650 ##$$a Puisi =850 ##$$a NBPNMAT